| 000 | 00689nam a2200229 a 4500 | ||
|---|---|---|---|
| 999 |
_c277 _d277 |
||
| 001 | 277 | ||
| 003 | BD-JhCC | ||
| 005 | 20200413134008.0 | ||
| 008 | 171003r2015 beg |||| |||| 000 0 beg d | ||
| 020 | _a9789849122227 | ||
| 035 | _a(BD-JhCC)277 | ||
| 040 |
_aBD-JhCC _dBD-JhCC |
||
| 041 | _aben | ||
| 082 |
_a891.4 _bAHA 2015 _22015 |
||
| 100 | _aআহমেদ, মোশতাক | ||
| 245 |
_aহিমালয়ে রিবিট / _cমোশতাক আহমেদ |
||
| 260 |
_aঢাকা : _bঅনিন্দ্য প্রকাশ, _c2015. |
||
| 300 |
_a১২৭, পৃ.: _c২২ সেমি |
||
| 650 | _aBangali fiction | ||
| 942 |
_2ddc _cBK _04 |
||